[Event "Challenge"]
[Site "http://www.queenalice.com/game.php?id=1544924"]
[Date "2018.10.5"]
[Round "-"]
[White "marcomasao"]
[Black "vinoseco"]
[Result "0-1"]
[WhiteElo "1906"]
[BlackElo "1718"]

1. e4 e5 2. Bc4 Nf6 3. Nc3 Nc6 4. Nf3 Bc5 5. Qe2 d6 6. d3 Bg4 7. h3 Bh5 8. g4
Bg6 9. Be3 Nb4 10. Bb3 O-O 11. a3 Na6 12. O-O-O b5 13. Nxb5 c6 14. Nc3 Rb8 15.
Bxc5 Nxc5 16. Ba2 Qb6 17. b3 Qa5 18. Kd2 Qxa3 19. Ng5 h6 20. Nf3 a5 21. Nh4 d5
22. exd5 cxd5 23. Qxe5 Rbd8 24. d4 Qb2 25. Nxg6 fxg6 26. f3 Rde8 27. Rb1 Qa3 28.
Qh2 Ne6 29. Qe5 Ng5 30. Qh2 Nxf3+ 31. Kd1 Nxh2 32. Rxh2 Re3 33. Kd2 Rfe8 34.
Rhh1 Qb4 35. Kd1 Qxc3 36. b4 Re2 37. Kc1 Qxc2# 0-1

[Event "Challenge"]
[Site "http://www.queenalice.com/game.php?id=1544925"]
[Date "2018.10.5"]
[Round "-"]
[White "vinoseco"]
[Black "marcomasao"]
[Result "0-1"]
[WhiteElo "1733"]
[BlackElo "1952"]

1. e4 e5 2. Bc4 Bc5 3. Nc3 Nf6 4. Qf3 Qe7 5. d3 Nc6 6. Nb5 Bb6 7. Be3 Nd4 8.
Bxd4 exd4 9. Qg3 g6 10. Nxc7+ Bxc7 11. Qxc7 Ng4 12. Qf4 d6 13. Nf3 h6 14. Nxd4
g5 15. Qf3 Ne5 16. Bb5+ Kf8 17. Qe2 Bg4 18. f3 Bh5 19. Nf5 Qf6 20. g4 Bg6 21.
Bc4 Nxc4 22. dxc4 Qxb2 23. Rd1 Qc3+ 24. Kf2 Qa5 25. Nxd6 a6 26. Nxb7 Qb6+ 27. c5
Qxb7 28. Rd5 Qc6 29. Rhd1 a5 30. Qe3 Qc7 31. Kg2 h5 32. Rd7 Qe5 33. c6 hxg4 34.
Rd8+ Kg7 35. Rxh8 Rxh8 36. Qd4 gxf3+ 37. Kf1 Qxd4 38. Rxd4 Rc8 39. Rc4 Rc7 40.
e5 Bf5 41. Kf2 g4 42. Kg3 Be6 43. Rc3 Kg6 44. a3 Kf5 45. Rc5 a4 46. h4 gxh3 47.
Kxf3 Kg5 48. Kg3 Kh5 49. c3 Kg5 50. c4 Kh5 51. Ra5 Rxc6 52. Rxa4 Rc5 53. Rb4
Rxe5 54. Rb5 f6 55. a4 Bxc4 56. Rb4 Re3+ 57. Kf2 Rc3 58. a5 Rc2+ 59. Kg1 h2+ 60.
Kh1 Bd5+ 61. Re4 Bxe4# 0-1

[Event "Challenge"]
[Site "http://www.queenalice.com/game.php?id=1544936"]
[Date "2018.10.5"]
[Round "-"]
[White "marcomasao"]
[Black "vinoseco"]
[Result "1-0"]
[WhiteElo "2038"]
[BlackElo "1742"]

1. e4 c5 2. Bc4 e6 3. a3 Nf6 4. Nc3 Nc6 5. Nf3 h6 6. Qe2 d6 7. d3 Nd4 8. Nxd4
cxd4 9. Na2 Qa5+ 10. b4 Qb6 11. Bb2 e5 12. O-O-O Qc6 13. h3 b5 14. Bb3 Be6 15.
Bxe6 fxe6 16. g4 g5 17. h4 h5 18. hxg5 Nxg4 19. Rdg1 Rc8 20. Rxg4 hxg4 21. Rxh8
d5 22. exd5 Qc7 23. Kb1 Qg7 24. Rh6 Qxg5 25. Rxe6+ Kd7 26. Rxe5 Qf4 27. Re4 Qf5
28. Qxg4 Qxg4 29. Rxg4 Kd6 30. Rxd4 Bg7 31. Rg4 Bxb2 32. Kxb2 Rf8 33. f4 Kxd5
34. Rg5+ Kd4 35. f5 Ke3 36. Nc3 Kf4 37. Ne4 a6 38. f6 1-0

[Event "Challenge"]
[Site "http://www.queenalice.com/game.php?id=1544937"]
[Date "2018.10.5"]
[Round "-"]
[White "vinoseco"]
[Black "marcomasao"]
[Result "0-1"]
[WhiteElo "1727"]
[BlackElo "1897"]

1. e4 e5 2. Nf3 Nc6 3. Bc4 Bc5 4. O-O Nf6 5. d3 Qe7 6. Ng5 Rf8 7. Qf3 h6 8. Nh3
d6 9. Qg3 g5 10. Nc3 Be6 11. Nb5 a6 12. Bxe6 fxe6 13. Nc3 O-O-O 14. a3 Nh5 15.
Qg4 Nf4 16. Bxf4 exf4 17. Nd5 Qd7 18. Nc3 Nd4 19. Qh5 Qg7 20. b4 Ba7 21. Qg4 Qg6
22. a4 Nxc2 23. Rab1 Nd4 24. b5 a5 25. Nd5 Kb8 26. Ndxf4 Qf7 27. Ne2 h5 28. Nxg5
Qg6 29. Nf4 Rxf4 30. Qd1 Qxg5 31. Qc1 Ne2+ 0-1

[Event "Challenge"]
[Site "http://www.queenalice.com/game.php?id=1546382"]
[Date "2018.10.19"]
[Round "-"]
[White "vinoseco"]
[Black "marcomasao"]
[Result "0-1"]
[WhiteElo "1726"]
[BlackElo "1959"]

1. e4 e5 2. Nf3 Nc6 3. Bc4 Bc5 4. O-O d6 5. Nc3 Nf6 6. d3 Qe7 7. Ng5 Be6 8. Nxe6
fxe6 9. Bg5 h6 10. Bh4 g5 11. Bg3 O-O-O 12. a4 a6 13. b3 g4 14. Bh4 Qf7 15. Bxf6
Qxf6 16. Qxg4 Nd4 17. Nd5 Qf7 18. Nb6+ Bxb6 19. c3 Rdg8 20. Qh4 Nf3+ 21. Kh1
Nxh4 22. g3 Qf3+ 0-1

[Event "Challenge"]
[Site "http://www.queenalice.com/game.php?id=1549533"]
[Date "2018.11.17"]
[Round "-"]
[White "vinoseco"]
[Black "marcomasao"]
[Result "0-1"]
[WhiteElo "1719"]
[BlackElo "1897"]

1. e4 e5 2. Nf3 Nc6 3. Bc4 Bc5 4. d3 h6 5. Nc3 Nf6 6. Nd5 Nxd5 7. exd5 Nd4 8.
Nxe5 Qe7 9. d6 Qxe5+ 10. Be3 Bxd6 11. c3 Nf5 12. d4 Qe4 13. O-O b6 14. Bd3 Nxe3
15. fxe3 Qh4 16. g3 Qg5 17. Qf3 Rb8 18. e4 Bb7 19. Qxf7+ Kd8 20. Rf5 Qe3+ 21.
Kg2 Qxd3 22. Kh3 Qxe4 23. Raf1 Qg2+ 24. Kg4 h5+ 25. Kg5 Qd2+ 26. Kg6 Qh6# 0-1

[Event "Challenge"]
[Site "http://www.queenalice.com/game.php?id=1549534"]
[Date "2018.11.17"]
[Round "-"]
[White "marcomasao"]
[Black "vinoseco"]
[Result "1-0"]
[WhiteElo "1912"]
[BlackElo "1710"]

1. e4 e5 2. Bc4 Nc6 3. Nf3 Nf6 4. Nc3 h6 5. Qe2 Bc5 6. d3 d6 7. Be3 Bxe3 8. Qxe3
Nb4 9. Qd2 a6 10. Nd5 Nfxd5 11. exd5 a5 12. a3 Na6 13. Qxa5 Bd7 14. Qd2 Qf6 15.
h3 Nc5 16. Ba2 Qg6 17. g3 Qh5 18. Ng1 e4 19. dxe4 Nxe4 20. Qe3 O-O 21. Qf3 Qe5
22. O-O-O Ra6 23. Ne2 Rb6 24. c3 Ng5 25. Qe3 Qf5 26. Nd4 Qg6 27. Bb1 Qf6 28. f4
Nxh3 29. Qd3 g6 30. f5 Nf2 31. Qe3 Nxh1 32. Rxh1 g5 33. g4 Re8 34. Qf3 c5 35.
Ne2 Bb5 36. Ng3 Re5 37. Ne4 Qe7 38. Rxh6 Kf8 39. Rh8+ Kg7 40. Qh1 Rxe4 41. Qh6#
1-0

[Event "Challenge"]
[Site "http://www.queenalice.com/game.php?id=1550666"]
[Date "2018.11.25"]
[Round "-"]
[White "vinoseco"]
[Black "marcomasao"]
[Result "1-0"]
[WhiteElo "1691"]
[BlackElo "2010"]

1. e4 e5 2. Nf3 Nc6 3. Bc4 Bc5 4. Nc3 Nf6 5. d3 Qe7 6. Ng5 Rf8 7. Qf3 Nd4 8. Qd1
d6 9. Nf3 Bg4 10. h3 Nxf3+ 11. gxf3 Bh5 12. Bg5 h6 13. Nd5 Qd8 14. Bxf6 gxf6 15.
Qd2 Bxf3 16. Rg1 c6 17. Ne3 Qc7 18. Ng4 Rg8 19. Nxf6+ Ke7 20. Nxg8+ Kd7 21. Rg7
Qd8 22. Bxf7 Qh4 23. Rg3 Rf8 24. Rxf3 Kc7 25. a3 a6 26. b4 Bb6 27. O-O-O Kb8 28.
Rg1 Bd8 29. Rg4 Qxg4 30. hxg4 Bg5 31. Qxg5 hxg5 32. Ne7 Kc7 33. c4 b6 34. Ng6
Rd8 35. b5 a5 36. Rf5 cxb5 37. cxb5 1-0

[Event "Challenge"]
[Site "http://www.queenalice.com/game.php?id=1550667"]
[Date "2018.11.25"]
[Round "-"]
[White "marcomasao"]
[Black "vinoseco"]
[Result "1-0"]
[WhiteElo "1936"]
[BlackElo "1702"]

1. e4 e5 2. Bc4 Nc6 3. Qf3 Nf6 4. Nc3 Nd4 5. Qd1 d6 6. Nf3 Bg4 7. Nb5 Nxf3+ 8.
gxf3 Bh3 9. Qe2 a6 10. Nc3 b5 11. Bb3 Qd7 12. d3 Bg2 13. Rg1 Qh3 14. Be3 Qxh2
15. O-O-O Qh3 16. Qd2 Bxf3 17. Rde1 c5 18. Rg3 Qh5 19. Reg1 h6 20. Nd5 Nxd5 21.
Bxd5 Ra7 22. Bc6+ Kd8 23. Qa5+ Kc8 24. Qb6 Rc7 25. Qxa6+ Kd8 26. Bxb5 f5 27.
Rxg7 Bxg7 28. Qxd6+ Kc8 29. Ba6+ Kb8 30. Qb6+ Rb7 31. Qxb7# 1-0

[Event "Challenge"]
[Site "http://www.queenalice.com/game.php?id=1555155"]
[Date "2019.1.3"]
[Round "-"]
[White "marcomasao"]
[Black "vinoseco"]
[Result "1-0"]
[WhiteElo "1983"]
[BlackElo "1695"]

1. e4 d5 2. e5 Nc6 3. Nf3 Bg4 4. Qe2 Nd4 5. Qd3 c5 6. Nxd4 cxd4 7. Qxd4 Bf5 8.
Nc3 e6 9. Bb5+ Ke7 10. Qc5+ Qd6 11. Qxd6# 1-0

[Event "Challenge"]
[Site "http://www.queenalice.com/game.php?id=1555156"]
[Date "2019.1.3"]
[Round "-"]
[White "vinoseco"]
[Black "marcomasao"]
[Result "0-1"]
[WhiteElo "1720"]
[BlackElo "1909"]

1. e4 e5 2. Nf3 Nc6 3. Bb5 Qf6 4. d3 h6 5. Nc3 Bc5 6. Nd5 Qd6 7. Bxc6 bxc6 8.
Nc3 Bb7 9. Nh4 Nf6 10. Nf5 Qf8 11. Na4 Bb6 12. Nxb6 cxb6 13. O-O g6 14. Bxh6
Rxh6 15. Nxh6 Qxh6 16. Qf3 g5 17. Qg3 d6 18. a4 O-O-O 19. Qf3 g4 20. Qf5+ Kb8
21. g3 Rh8 22. Rfb1 Qxh2+ 23. Kf1 Rh6 24. Ke2 Qg2 25. a5 Bc8 26. Qg5 Qf3+ 27.
Kd2 Qxf2+ 28. Kc3 Rh3 29. Rf1 Qd4+ 30. Kd2 Nxe4+ 0-1

[Event "Challenge"]
[Site "http://www.queenalice.com/game.php?id=1557509"]
[Date "2019.1.21"]
[Round "-"]
[White "marcomasao"]
[Black "vinoseco"]
[Result "1-0"]
[WhiteElo "1935"]
[BlackElo "1698"]

1. e4 e5 2. Bc4 Nf6 3. Nc3 Bc5 4. Nf3 d6 5. Qe2 Nh5 6. Nxe5 Nf4 7. Nxf7 Qf6 8.
Qf3 Rf8 9. d3 Ne6 10. Nxd6+ cxd6 11. Qxf6 Rxf6 12. Be3 Nd4 13. O-O-O Nbc6 14.
Nd5 Rf7 15. Rd2 Kd8 16. c3 Ne6 17. d4 Bb6 18. a3 Na5 19. Ba2 Bd7 20. g3 h6 21.
h4 Nc6 22. f4 Nc7 23. Nxc7 Kxc7 24. Bxf7 Na5 25. b4 Nc6 26. Rf1 Rf8 27. Ba2 Re8
28. Bb1 a5 29. b5 Na7 30. a4 Nc8 31. e5 dxe5 32. fxe5 Ne7 33. Rf7 Nd5 34. Bf4
Kd8 35. Kc2 g6 36. Ba2 Bf5+ 37. Rxf5 gxf5 38. Bxd5 Ke7 39. Bxb7 Ke6 40. d5+ Kf7
41. d6 Rb8 42. Bc6 1-0

[Event "Challenge"]
[Site "http://www.queenalice.com/game.php?id=1557510"]
[Date "2019.1.21"]
[Round "-"]
[White "vinoseco"]
[Black "marcomasao"]
[Result "0-1"]
[WhiteElo "1712"]
[BlackElo "1932"]

1. e4 e5 2. Nf3 Nc6 3. Bc4 Bc5 4. d3 Nf6 5. Bg5 h6 6. Bxf6 Qxf6 7. c3 d6 8. Qb3
a6 9. d4 exd4 10. cxd4 Nxd4 11. Nxd4 Bxd4 12. Nd2 Qxf2+ 13. Kd1 Bg4+ 14. Kc2 O-O
15. Rhf1 Qxg2 16. Qxb7 Rab8 17. Qxc7 Rxb2+ 18. Kc1 Qxd2# 0-1

[Event "Challenge"]
[Site "http://www.queenalice.com/game.php?id=1561468"]
[Date "2019.2.19"]
[Round "-"]
[White "marcomasao"]
[Black "vinoseco"]
[Result "1-0"]
[WhiteElo "1928"]
[BlackElo "1705"]

1. e4 e5 2. Bc4 Nf6 3. Nc3 Bc5 4. Nf3 O-O 5. Qe2 Nc6 6. d3 d6 7. Be3 Bxe3 8.
Qxe3 Nb4 9. Bb3 Be6 10. Qd2 c5 11. a3 Nc6 12. Nd5 Nd4 13. Nxd4 exd4 14. O-O-O b5
15. f4 Nxd5 16. exd5 Bg4 17. Rdf1 a5 18. f5 Re8 19. h3 Re2 20. Qf4 g5 21. fxg6
Bh5 22. Qxf7+ 1-0

[Event "Challenge"]
[Site "http://www.queenalice.com/game.php?id=1561469"]
[Date "2019.2.19"]
[Round "-"]
[White "vinoseco"]
[Black "marcomasao"]
[Result "0-1"]
[WhiteElo "1689"]
[BlackElo "1987"]

1. e4 e5 2. Nf3 Nc6 3. Bc4 Bc5 4. Nc3 Nf6 5. d3 Qe7 6. Bg5 h6 7. Bh4 d6 8. Nd5
Qd8 9. a3 g5 10. Bg3 Nxd5 11. Bxd5 Be6 12. Bxc6+ bxc6 13. b4 Bb6 14. c3 Qe7 15.
h4 O-O-O 16. hxg5 hxg5 17. Rxh8 Rxh8 18. Ke2 Bg4 19. Qd2 f6 20. a4 a6 21. a5
Bxf3+ 22. gxf3 Ba7 23. c4 Kd7 24. Qc2 Rb8 25. Rb1 Qf7 26. Qc1 Qg6 27. c5 g4 28.
cxd6 gxf3+ 29. Kxf3 cxd6 30. Qc4 f5 31. Rc1 Qh5+ 32. Kg2 Rc8 33. Qxa6 Bd4 34. b5
f4 35. bxc6+ Kd8 36. c7+ Kd7 37. Qb5+ Ke7 38. Rh1 f3+ 39. Kg1 Bxf2+ 40. Kxf2
Qxh1 41. Ke3 Rxc7 42. Qb8 Qg1+ 43. Kxf3 Qd1+ 44. Kg2 Rc1 45. Bh4+ Kf7 46. Qxd6
Qf1+ 47. Kg3 Qf4+ 48. Kg2 Rc2+ 49. Kg1 Qc1+ 50. Be1 Qxe1# 0-1

[Event "AUTO-INT-3074"]
[Site "http://www.queenalice.com/game.php?id=1564871"]
[Date "2019.3.20"]
[Round "2"]
[White "NeeneNY"]
[Black "vinoseco"]
[Result "0-1"]
[WhiteElo "1525"]
[BlackElo "1682"]

1. e4 c5 2. Nf3 Nc6 3. Bc4 e6 4. O-O Bd6 5. Nc3 Nf6 6. d3 a6 7. a3 b5 8. Bb3 Na5
9. Bd2 Qc7 10. a4 Nxb3 11. cxb3 Ng4 12. h3 Ne5 13. axb5 Nxd3 14. Qc2 Nb4 15. Qd1
Nd3 16. Ra2 a5 17. Ne2 Bb7 18. Qc2 Nb4 19. Bxb4 cxb4 20. Qxc7 Bxc7 21. Rc1 Rc8
22. g4 O-O 23. Rc4 d5 24. exd5 Bxd5 25. Rf4 Bxf4 26. Nxf4 Bxf3 27. Rxa5 Ra8 28.
Rxa8 Rxa8 29. g5 Ra2 30. Nd3 Be2 31. Nxb4 Rxb2 32. b6 Rxb3 33. Nc6 Rxb6 34. Ne7+
Kf8 35. Nc8 Rb3 36. Kg2 e5 37. Nd6 g6 38. Nc4 Bxc4 39. f3 Bd5 40. Kg3 Bxf3 41.
h4 Ke7 0-1

[Event "AUTO-INT-3074"]
[Site "http://www.queenalice.com/game.php?id=1564872"]
[Date "2019.3.20"]
[Round "2"]
[White "vinoseco"]
[Black "NeeneNY"]
[Result "1-0"]
[WhiteElo "1683"]
[BlackElo "1569"]

1. e4 e5 2. Nf3 d6 3. Bc4 Be6 4. Bxe6 fxe6 5. d3 Nc6 6. Ng5 Qd7 7. Qg4 Nd4 8.
Na3 O-O-O 9. c3 Nb5 10. Nxb5 Qxb5 11. Nxe6 Re8 12. Nxf8+ Kb8 13. Qxg7 Qxd3 14.
Nd7+ Kc8 15. Qg4 c5 16. Nxc5+ Kc7 17. Nxd3 Nf6 18. Qg7+ Nd7 19. c4 Kb8 20. Qxd7
h5 21. Qxd6+ Kc8 22. Nxe5 Rhg8 23. Bf4 Rxg2 24. Qd7+ Kb8 25. Qxe8+ Kc7 26. Nd3+
Kb6 27. Qb5# 1-0

[Event "AUTO-INT-3074"]
[Site "http://www.queenalice.com/game.php?id=1564875"]
[Date "2019.3.20"]
[Round "2"]
[White "vinoseco"]
[Black "Herivelto"]
[Result "0-1"]
[WhiteElo "1691"]
[BlackElo "2347"]

1. e4 c5 2. Nf3 d6 3. Bc4 Nc6 4. O-O Nf6 5. Ng5 Ne5 6. Bb3 e6 7. d3 Be7 8. Nc3
O-O 9. f4 Nc6 10. Qg4 Nxg4 0-1

[Event "AUTO-INT-3074"]
[Site "http://www.queenalice.com/game.php?id=1564876"]
[Date "2019.3.20"]
[Round "2"]
[White "Herivelto"]
[Black "vinoseco"]
[Result "1-0"]
[WhiteElo "2348"]
[BlackElo "1685"]

1. e4 e5 2. Bb5 c6 3. Ba4 Na6 4. c3 Nf6 5. d3 Be7 6. Nf3 Bd6 7. O-O Bc5 8. Nxe5
Be7 9. Nd2 Qa5 10. Ndc4 Qc5 11. d4 Qxe5 12. Nxe5 Nxe4 13. Qg4 Nf6 14. Qxg7 Rg8
15. Qxf7+ Kd8 16. Bh6 d6 17. Nxc6+ bxc6 18. Bxc6 Rb8 19. Rfe1 1-0

[Event "Challenge"]
[Site "http://www.queenalice.com/game.php?id=1570235"]
[Date "2019.5.8"]
[Round "-"]
[White "marcomasao"]
[Black "vinoseco"]
[Result "1-0"]
[WhiteElo "1937"]
[BlackElo "1706"]

1. e4 e5 2. Bc4 d6 3. Qf3 Nf6 4. Nc3 Nc6 5. Nge2 Bg4 6. Qe3 Nb4 7. Bb3 Be7 8. a3
Nc6 9. f3 Bh5 10. g4 Bg6 11. d3 h5 12. Qg1 hxg4 13. fxg4 Qd7 14. h3 Nd4 15. Nxd4
exd4 16. Qxd4 c5 17. Qf2 Qd8 18. Bf4 Ng8 19. Kd2 a5 20. a4 Bh4 21. Qe3 Ne7 22.
g5 Nc6 23. Nd5 Nd4 24. Bc4 Ne6 25. Rag1 Rh5 26. Bb5+ Kf8 27. Rg2 Nxf4 28. Nxf4
Bxg5 29. Nxg6+ fxg6 30. Rf1+ Kg8 31. Bc4+ Kh7 32. Rxg5 Rxg5 33. Rf2 Rh5 34. Qf3
Qg5+ 35. Kc3 Qe5+ 36. Kb3 b5 37. axb5 1-0

[Event "Challenge"]
[Site "http://www.queenalice.com/game.php?id=1570236"]
[Date "2019.5.8"]
[Round "-"]
[White "vinoseco"]
[Black "marcomasao"]
[Result "0-1"]
[WhiteElo "1699"]
[BlackElo "1944"]

1. e4 e5 2. Nf3 Nc6 3. Bc4 Bc5 4. d3 Nf6 5. Bg5 h6 6. Bh4 g5 7. Bg3 Qe7 8. h4 g4
9. Nfd2 d6 10. Nb3 Bb6 11. Nc3 Be6 12. Bb5 a6 13. Bxc6+ bxc6 14. Na4 h5 15. Nxb6
cxb6 16. Qd2 c5 17. a4 a5 18. Qc3 O-O-O 19. Nd2 Rd7 20. Rb1 Rc7 21. Nc4 Bxc4 22.
Qxc4 Ra7 23. Qb5 Qc7 24. Qb3 Nh7 25. O-O f6 26. Qe6+ Kb8 27. Qf5 Qf7 28. c3 Qb3
29. Qxh5 Rg7 30. Qf5 Re8 31. h5 Qxa4 32. h6 Rge7 33. Qxg4 Qb3 0-1

[Event "Mercadinho Serve Bem"]
[Site "http://www.queenalice.com/game.php?id=1571920"]
[Date "2019.5.23"]
[Round "-"]
[White "zubarev"]
[Black "vinoseco"]
[Result "0-1"]
[WhiteElo "1813"]
[BlackElo "1685"]

1. e4 e5 2. f4 exf4 3. Nf3 d6 4. d4 g5 5. Bc4 h6 6. O-O Nf6 7. e5 dxe5 8. Nxe5
Be6 9. Bxe6 fxe6 10. Nc3 Nc6 11. Nxc6 bxc6 12. Re1 Qd7 13. Ne4 Nxe4 14. Rxe4 Qd5
15. Qe2 O-O-O 16. Rxe6 Qxd4+ 17. Kf1 Bc5 18. Ke1 Qg1+ 19. Qf1 Rd1+ 20. Kxd1
Qxf1+ 21. Kd2 Qxg2+ 22. Kc3 Qh3+ 23. Kc4 Qxe6+ 24. Kxc5 Qe4 25. c4 Rd8 26. Kb4
Qe1+ 27. Ka4 Rd4 28. b3 Kb7 0-1

[Event "Ana Transformação"]
[Site "http://www.queenalice.com/game.php?id=1571921"]
[Date "2019.5.23"]
[Round "-"]
[White "vinoseco"]
[Black "zubarev"]
[Result "0-1"]
[WhiteElo "1694"]
[BlackElo "1878"]

1. e4 e5 2. Nf3 Nc6 3. Bc4 Be7 4. d3 Nf6 5. Nc3 O-O 6. Nh4 Nxe4 7. Nf5 Nxc3 8.
bxc3 d5 9. Nxe7+ Nxe7 10. Bg5 dxc4 11. d4 exd4 12. cxd4 f6 13. Be3 Nf5 14. Qg4
Nxe3 15. Qe2 Nxg2+ 16. Kf1 Bh3 17. Kg1 Qd5 18. f3 Qg5 19. Kf2 Rae8 20. Qxc4+ Kh8
21. Rhg1 Qh4+ 22. Kf1 Re1+ 23. Rxe1 Qxe1# 0-1